[Event "zonal 3.2"]
[Site "Genting Highlands MAS"]
[Date "1995.??.??"]
[Round "11"]
[White "Ker, Anthony"]
[Black "Nadera, Barlo"]
[Result "0-1"]
[WhiteElo "2335"]
[BlackElo "2405"]
[EventDate "1995.07.??"]
[PlyCount "140"]

1.d4 Nf6 2.c4 e6 3.Nc3 d5 4.cxd5 exd5 5.Bg5 c6 6.e3 Be7 7.Qc2 Nbd7 8.Bd3 
Nf8 9.Nge2 Ne6 10.Bh4 g6 11.Rb1 a5 12.a3 O-O 13.b4 axb4 14.axb4 b5 15.Bxf6
Bxf6 16.O-O Bd7 17.Ra1 Qe7 18.Qb3 Rfb8 19.Ra3 Rxa3 20.Qxa3 Qf8 21.Qa7 Qc8 
22.Ra1 Nc7 23.Qa3 Ra8 24.Qb2 Be7 25.Rxa8 Qxa8 26.e4 dxe4 27.Nxe4 Bf5 28.
Nc5 Bxc5 29.Bxf5 Qa4 30.Bc2 Qxb4 31.Qxb4 Bxb4 32.Nc1 Bc3 33.Be4 Nd5 34.Nb3
Kf8 35.Kf1 Ke7 36.Ke2 Kd6 37.g3 f5 38.Bf3 Bb4 39.Kd3 Nf6 40.h3 c5 41.dxc5+
Bxc5 42.Nd4 Bxd4 43.Kxd4 Ne8 44.Bd5 Nc7 45.Bg8 h6 46.f4 Ne6+ 47.Kc3 g5 48.
Bh7 gxf4 49.gxf4 Ng7 50.Kd4 Ke6 51.Kc5 Nh5 52.Kxb5 Nxf4 53.Kc4 Ke5 54.h4 
Ng2 55.Kd3 Kf4 56.h5 Kg4 57.Bg6 Nf4+ 58.Ke3 Nxh5 59.Kf2 Nf4 60.Be8 h5 61.
Bd7 h4 62.Kg1 Ne2+ 63.Kf2 Ng3 64.Kg2 h3+ 65.Kh2 Nf1+ 66.Kg1 Nd2 67.Kh2 
Nf3+ 68.Kh1 Ne5 69.Bc8 Kg3 70.Bxf5 h2 0-1

[Event "zonal 3.2"]
[Site "Genting Highlands MAS"]
[Date "1995.??.??"]
[Round "11"]
[White "Garma, Chito"]
[Black "Nguyen Anh Dung"]
[Result "0-1"]
[WhiteElo "2390"]
[BlackElo "2340"]
[EventDate "1995.07.??"]
[PlyCount "54"]

1.e4 c5 2.Nf3 d6 3.d4 cxd4 4.Nxd4 Nf6 5.Nc3 a6 6.f4 Nbd7 7.Qf3 e5 8.Nb3 
Be7 9.f5 O-O 10.g4 d5 11.exd5 e4 12.Qg2 Ne5 13.Be2 Nxd5 14.Nxd5 Bh4+ 15.
Kf1 Qxd5 16.Bf4 Nf3 17.Rd1 Qc6 18.c3 Be6 19.Rd6 Qe8 20.Nc5 Bxa2 21.Nxe4 
Ne1 22.Nf6+ gxf6 23.Qxb7 Rb8 24.Qc6 Qxc6 25.Rxc6 Bd5 26.Rxf6 Bxf6 27.Rg1 
Rxb2 0-1